Kształty państw w 2 minuty - Statystyki

Ogólne statystyki
  • Ten quiz został rozwiązany 12 razy
  • Średni wynik to 9 z 16
Statystyki odpowiedzi
Obrazkowy Odpowiedź % Poprawnych
Bośnia i Hercegowina
100%
Argentyna
89%
Filipiny
89%
Zambia
89%
Angola
67%
Benin
67%
Irak
67%
Liberia
67%
Czarnogóra
56%
Turkmenistan
56%
Sierra Leone
33%
Zimbabwe
33%
Luksemburg
22%
Dominika
11%
Lesotho
11%
Republika Zielonego Przylądka
11%
Nie znaleziono quizów pasujących do podanych kryteriów
Rozkład punktacji
Procent ludzi z każdym wynikiem
Percentyl według liczby udzielonych odpowiedzi
Twoja historia wyników
Nie rozwiązałeś tego quizu